| 000 | 00696nam a2200241Ia 4500 | ||
|---|---|---|---|
| 005 | 20260430150259.0 | ||
| 008 | 008 250103s9999 xx 000 0 eng d | ||
| 037 | _aTheses | ||
| 040 | _aCRL | ||
| 040 | _beng | ||
| 040 | _ceng | ||
| 041 | _2eng | ||
| 041 | _aeng | ||
| 084 | _qCRL | ||
| 100 |
_aWashwa Arshiya Au.; Sarita Anand Gu. _91237020 |
||
| 245 | 0 | _aGender Responsive Budgeting in Adolescent Girls' Education : A Micro-Implimentation Analysis of Kasturba Gandhi Balika Vidyalayas | |
| 260 | _c2022 | ||
| 300 | _a258 | ||
| 650 | _aScience | ||
| 700 |
_aUniversity of Delhi. Faculty of Science. Deptt. of Home Science _91236642 |
||
| 942 | _cTH | ||
| 999 |
_c1849408 _d1849408 |
||